000 00512nam a2200181Ia 4500
003 GCL
008 140319s9999 xx 000 0 ara d
040 _aGCL /
_cGCL
082 0 4 _a813.01
_bا ش
100 1 _aاخلاص عطا الله
245 1 0 _aالشاهد قصص /
_cاخلاص عطا الله
300 _a139 ص
490 _aابداعات
_v0
650 0 4 _aالادب العربى
650 0 4 _aالقصص العربية
650 0 4 _aالقصص العربية القصيرة
942 _2ddc
_cBK
999 _c52263
_d52263